|
|
|
|
| LEADER |
00000nam a2200000 a 4500 |
| 001 |
vtls001475864 |
| 003 |
SK-MaSNL |
| 005 |
20260302073550.0 |
| 008 |
240226s2004 xo slo |
| 015 |
|
|
|a SNBA2006/02-00609
|
| 020 |
|
|
|a 8071601829
|
| 035 |
|
|
|a SNK000431165
|
| 035 |
|
|
|a urn:nbn:sk:snk-am3h7i8
|
| 035 |
|
|
|a 039A0D47-41CA-49D1-B2CE-D8F09138A57F
|
| 035 |
|
|
|a urn:nbn:sk:snk-am00cmjq
|
| 040 |
|
|
|a SNK
|b slo
|c SNK
|e AACR2
|
| 041 |
0 |
|
|a slo
|
| 044 |
|
|
|a xo
|c SK
|
| 072 |
|
7 |
|a 34
|x Právo
|2 konspekt
|
| 080 |
|
|
|a 34:371.279.5/.6
|x (035)
|2 2001
|
| 080 |
|
|
|a 373.5.016
|2 1981
|
| 080 |
|
|
|a 378
|2 1981
|
| 080 |
|
|
|a 371.279.5/.6
|2 1981
|
| 080 |
|
|
|a (035)
|2 1981
|
| 080 |
|
|
|a 34
|2 1981
|
| 245 |
0 |
0 |
|a Zbierka okruhu otázok na prijímacie skúšky
|b školský rok 2004/2005
|
| 250 |
|
|
|a [1. vyd.]
|
| 260 |
|
|
|a Bratislava
|b Univerzita Komenského
|c 2004
|
| 300 |
|
|
|a 426 s.
|c 29 cm
|
| 504 |
|
|
|a Bibliogr. s. 7-8
|
| 650 |
0 |
7 |
|a právo
|2 SNKPH
|9 976
|
| 650 |
0 |
7 |
|a učivo stredných škôl
|2 SNKPH
|9 65982
|
| 650 |
0 |
7 |
|a vysoké školy
|2 SNKPH
|9 1277
|
| 650 |
0 |
7 |
|a prijímacie skúšky
|y šk. r. 2004/2005
|2 SNKPH
|9 738150
|
| 655 |
|
7 |
|a príručky
|2 SNKPH
|9 74364
|
| 710 |
2 |
|
|a Univerzita Komenského v Bratislave.
|b Právnická fakulta
|4 pbl
|
| 919 |
|
|
|a 80-7160-182-9
|
| 958 |
|
|
|a NB
|
| 968 |
|
|
|d 34
|
| 999 |
|
|
|c 1161349
|d 1163279
|
| 952 |
|
|
|t P60, <04>, [BOOK], {604}
|a SNK
|b SNK
|y VYP
|7 0
|p 17A0429050
|o snkSB 68647 D1
|i snkKSP 7230/2004
|0 0
|1 0
|4 0
|d 2004-05-31
|l 0
|r 2005-01-02 00:00:00
|w 2026-02-24
|
| 952 |
|
|
|t P60, <03>, [BOOK], {603}, -B-
|a SNK
|b SNK
|y PREZ
|7 0
|p 17A0429049
|o snkSB 68647
|i snkKSP 7229/2004
|0 0
|1 0
|4 0
|d 2004-05-31
|f 1
|l 0
|r 2017-06-30 00:00:00
|w 2026-02-24
|